000 00478cam a22001217a 4500
008 180718b-- xxu||||| |||| 00| 0 eng d
082 _aL906x5422 G
245 _aAccounts at a glance, Madhya Pradesh
260 _aGwalior
_bAccountant General (Accounts and Entitlements)
_c--
500 _aLibrary has 1998/99, 2000/01-2003/04, 2005/06-2010/11
650 _aMadhya Pradesh - Appropriations and expenditures
700 _aMadhya Pradesh. Accountant General (Accounts and Entitlements)
999 _c490768
_d490768